header

Mac digital photography (Record no. 190735)

MARC details
000 -LEADER
fixed length control field 01190nam a2200325Ia 4500
100 1# - MAIN ENTRY--AUTHOR NAME
Personal name Cohen, Dennis R.
245 10 - TITLE STATEMENT
Title Mac digital photography
260 ## - PUBLICATION, DISTRIBUTION, ETC. (IMPRINT)
Place of publication San Francisco :
Name of publisher Sybex,
Year of publication c2003.
300 ## - PHYSICAL DESCRIPTION
Number of Pages 287 p. :
Other physical details ill. (some col.)
500 ## - GENERAL NOTE
General note Includes index.
650 #0 - SUBJECT ADDED ENTRY--TOPICAL TERM
Topical Term Image processing
Topical Term Macintosh (Computer)
Topical Term Photography
700 1# - ADDED ENTRY--PERSONAL NAME
Personal name Sadun, Erica.
856 40 - ELECTRONIC LOCATION AND ACCESS
Uniform Resource Identifier http://site.ebrary.com/lib/rucke/Doc?id=10146918

No items available.

© 2026 Rongo University
Contact us: librarian | system librarian | Rongo university